| 000 | 02361cas a2200553 a 4500 | ||
|---|---|---|---|
| 001 | 1500 | ||
| 005 | 20211208233340.0 | ||
| 008 | 131126c19659999enkqr p 0 a0eng | ||
| 035 | _a(OCoLC)ocm00843083 | ||
| 035 | _a(BD-RjUL)1523 | ||
| 037 | _bMrs. R.J. Jones, Editorial Assistant, Government and Opposition, London School of Economics and Political Science, Houghton Street, London WC2A 2AE | ||
| 040 |
_aDLC _cOAU _dCtY _dPPiU _dInU _dN _dAIP _dMH _dAIP _dNSDP _dOCoLC _dNSDP _dNST _dNSDP _dOCoLC _dMH _dOCoLC _dCU-S _dOCoLC _dNLGGC _dCaQQL _dNYDWH _dGU _dOCoLC _dMCM _dBD-RjUL |
||
| 042 | _ansdp | ||
| 082 | 0 | 4 |
_a320.05 _bGOO |
| 245 | 0 | 0 | _aGovernment and opposition. |
| 260 |
_aLondon : _bWeidenfeld and Nicolson, _cc1965- |
||
| 300 |
_av. ; _c22 cm. |
||
| 500 | _aTitle from cover. | ||
| 550 | _aPublished 1968- by: Government and Opposition, (with the assistance of the London School of Economics and Political Science, summer 1972- ). | ||
| 650 | 0 |
_aPolitical science _vPeriodicals. _93865 |
|
| 650 | 1 | 7 |
_aOverheid. _2gtt _94475 |
| 650 | 1 | 7 |
_aPolitieke oppositie. _2gtt _94476 |
| 650 | 6 |
_aScience politique _vPériodiques. _94429 |
|
| 650 | 7 |
_aPOLITICAL SCIENCE _2unbist _94477 |
|
| 650 | 7 |
_aCOMPARATIVE GOVERNMENT _2unbist _94478 |
|
| 650 | 7 |
_aPOLITICAL OPPOSITION _2unbist _94479 |
|
| 710 | 2 |
_aLondon School of Economics and Political Science. _94480 |
|
| 776 | 0 | 8 |
_iOnline version: _tGovernment and opposition (Online) _x1477-7053 _w(DLC) 2009233365 _w(OCoLC)48592527 |
| 776 | 0 | 8 |
_iOnline version: _tGovernment and opposition _w(OCoLC)563733975 |
| 906 |
_a0 _bcbc _cserials _du _encip _f19 _gn-oclcserc |
||
| 942 |
_2ddc _cCR |
||
| 999 |
_c1500 _d1500 |
||